| 000 | 00934cab a22001935a 4500 | ||
|---|---|---|---|
| 001 | L155019 | ||
| 008 | 120220e20120210xxk 000 0 eng d | ||
| 035 | _a(Sirsi) u155019 | ||
| 041 | 0 | _aeng | |
| 110 | 2 |
_aProperty Week _91549 |
|
| 245 | 0 | 0 | _aSecondary yields begin to rise after slow start to year |
| 260 | _c2012 | ||
| 490 | 0 |
_aProperty Week _v78(06) 10 February 2012, 38(1) |
|
| 520 | _aCushman & Wakefield's January 2012 UK investment market briefing shows that yields of "secondary" retail, shopping parks, bulky-goods parks and offices in "secondary" regional cities all increased by 25 basis points during the month. The yield gap however between prime and secondary is still increasing. Tables cover prime property comparative yields from 2009-January 2012, and prime property yields over the decades, 1950 to date. | ||
| 590 | _aKA | ||
| 651 | 4 |
_aUnited Kingdom _y |
|
| 690 |
_aCommercial property _96227 |
||
| 942 | _n0 | ||
| 999 |
_c83780 _d83780 |
||